| 000 | 00568nam a2200181Ia 4500 | ||
|---|---|---|---|
| 003 | GCL | ||
| 008 | 140319s9999 xx 000 0 ara d | ||
| 040 |
_aGCL / _cGCL |
||
| 082 | 0 | 4 |
_a616.5 _bع ج |
| 100 | 1 | _aعبدالحميد محمد عبدالعزيز | |
| 245 | 1 | 0 |
_aجلدك يكشف اسرارك / _cعبدالحميد محمد عبدالعزيز |
| 260 |
_a[S.N] : _bدار الفكر العربى |
||
| 300 | _a119 ص | ||
| 490 |
_aالثقافة الجنسية _v0 |
||
| 650 | 0 | 4 | _aالجلد |
| 650 | 0 | 4 | _aالامراض الجلدية |
| 942 |
_2ddc _cBK |
||
| 999 |
_c32259 _d32259 |
||